100 prénoms masculins les plus populaires au Québec - 2019 - Statistiques

Statistiques générales
  • Ce quiz a été pris 38 fois
  • Le résultat moyen est 28 sur 100
Statistiques - réponses
Réponse % Correct
Louis
70%
Léo
67%
Charles
59%
Théo
59%
Antoine
56%
Gabriel
56%
Julien
56%
Lucas
56%
William
56%
Hugo
52%
Jules
52%
Nicolas
52%
Thomas
52%
Tom
52%
Alex
48%
Alexandre
48%
Liam
48%
Noah
48%
Olivier
48%
David
44%
Justin
44%
Philippe
44%
Sam
44%
Samuel
44%
Victor
44%
Anthony
41%
Arthur
41%
Benjamin
41%
Éli
41%
Nathan
41%
Vincent
41%
Alexis
37%
Henri
37%
Jack
37%
Mathis
37%
Émile
33%
Ethan
33%
Étienne
33%
James
33%
Mathéo
33%
Michaël
33%
Raphaël
33%
Xavier
33%
Adam
30%
Albert
30%
Arnaud
30%
Eliot
30%
Elliot
30%
Enzo
30%
Laurent
30%
Léon
30%
Axel
26%
Damien
26%
Édouard
26%
Daniel
22%
Mattéo
22%
Nolan
22%
Adrien
19%
Dylan
19%
Evan
19%
Maxence
19%
Zack
19%
Eliott
15%
Félix
15%
Isaac
15%
Jake
15%
Logan
15%
Ryan
15%
Tristan
15%
Zachary
15%
Éloi
11%
Jackson
11%
Jacob
11%
Jayden
11%
Jordan
11%
Léonard
11%
Loïc
11%
Louka
11%
Ludovic
11%
Matéo
11%
Mathias
11%
Théodore
11%
Ayden
7%
Caleb
7%
Elias
7%
Hayden
7%
Hubert
7%
Jad
7%
Lyam
7%
Malik
7%
Mason
7%
Milan
7%
Rayan
7%
Zackary
7%
Joshua
4%
Loïk
4%
Maverick
4%
Mayson
4%
Rafaël
4%
Tyler
4%
Aucun quiz correspondant
Distribution des résultats
% des personnes avec chaque résultat
Percentile par nombre de réponses
Votre historique - résultats
Vous n’avez pas pris ce quiz